书目信息 |
| 题名: |
公差与配合
|
|
| 作者: | 盛庆椿 编著 | |
| 分册: | ||
| 出版信息: | 北京 机械工业出版社 1965 |
|
| 页数: | 78页 | |
| 开本: | 20cm | |
| 丛书名: | ||
| 单 册: | ||
| 中图分类: | TG8 | |
| 科图分类: | ||
| 主题词: | 公差 , 技术测量 , 机械量仪 , 量具 | |
| 电子资源: | ||
| ISBN: | ||
| 000 | 00640nam0 2200253 450 | |
| 001 | 0657493266 | |
| 005 | 20060227160015.40 | |
| 010 | @dCNY0.24 | |
| 091 | @aT15033.3677 | |
| 100 | @a20060227d1965 km y0chiy0120 ea | |
| 101 | 0 | @achi |
| 102 | @aCN@b110000 | |
| 102 | @aCN@b110000 | |
| 200 | 1 | @a公差与配合@Agong chai yu pei he@f盛庆椿编著@Fsheng qing chun bian zhu |
| 210 | @a北京@c机械工业出版社@d1965 | |
| 215 | 1 | @a78页@d20cm |
| 606 | 0 | @a公差 |
| 606 | 0 | @a技术测量 |
| 606 | 0 | @a机械量仪 |
| 606 | 0 | @a量具 |
| 690 | @aTG8@v4 | |
| 701 | 0 | @a盛庆椿@Asheng qing chun@4编著 |
| 801 | 0 | @aCN@bPFT@c20060227 |
| 905 | @a10447@dTG8@e13 | |
| 公差与配合/盛庆椿编著.-北京:机械工业出版社,1965 |
| 78页;20cm |
| ISBN :CNY0.24 |
| ● |
| 相关链接 |
|
|
|
|
正题名:公差与配合
索取号:TG8/13
 
预约/预借
| 序号 | 登录号 | 条形码 | 馆藏地/架位号 | 状态 | 备注 |
| 1 | 0017578 | 202198629 | 密集书库/ [索取号:TG8/13] | 在馆 | |
| 2 | 0017579 | 202198665 | 密集书库/ [索取号:TG8/13] | 在馆 |